[Event "10. Lichtenberger Sommer"]
[Site "Berlin"]
[Date "2011.08.14"]
[Round "3.101"]
[White "Mako, Attila"]
[Black "Hubbe, Bernd"]
[Result "1-0"]
[WhiteElo "1702"]
[BlackElo "1353"]
[PlyCount "45"]
[EventDate "2011.??.??"]
[WhiteTeam "BSC Rehberge 1945 e.V."]
[BlackTeam "SC Rotation Pankow e.V."]

1. d4 d5 2. Bf4 Nf6 3. e3 Bf5 4. Nf3 e6 5. Nh4 Bd6 6. Nxf5 exf5 7. Bg5 Nbd7 8.
Bd3 h6 9. Bh4 g5 10. Bg3 Ne4 11. Bxd6 cxd6 12. f3 Qa5+ 13. c3 Nef6 14. Bxf5 Qb5
15. b4 O-O-O 16. a4 Qc4 17. Bd3 Qc7 18. Qb3 Rde8 19. Kd2 Nb6 20. Na3 Re7 21.
Nb5 Nc4+ 22. Bxc4 Qxc4 23. Nxd6+ 1-0

[Event "10. Lichtenberger Sommer"]
[Site "Berlin"]
[Date "2011.08.14"]
[Round "3.102"]
[White "Poeltelt, Helmut"]
[Black "Stiemerling, Karl-Heinz"]
[Result "1-0"]
[WhiteElo "1716"]
[BlackElo "1673"]
[PlyCount "137"]
[EventDate "2011.??.??"]
[WhiteTeam "SC Eintracht Berlin e.V."]
[BlackTeam "vereinslos"]

1. e4 c5 2. Nc3 Nc6 3. g3 d6 4. Bg2 Bd7 5. Nge2 Nf6 6. d3 e5 7. Bg5 Be7 8. O-O
O-O 9. Kh1 a6 10. a4 Nd4 11. Qd2 Ne6 12. Bxf6 Bxf6 13. Nd5 Bg5 14. f4 exf4 15.
gxf4 Bh6 16. Qe1 Nc7 17. Nb6 Rb8 18. Nxd7 Qxd7 19. Ng3 g6 20. f5 Rbe8 21. Qf2
Re5 22. d4 cxd4 23. Qxd4 Bg7 24. Rad1 Rd8 25. Qb4 Ne8 26. b3 b5 27. axb5 axb5
28. Rf2 Bf8 29. Rfd2 Qc6 30. Qd4 Bg7 31. Qe3 f6 32. Qe2 Bh6 33. Rd5 Nc7 34.
Rxe5 fxe5 35. fxg6 hxg6 36. Qg4 Kh7 37. Rf1 Rd7 38. Rf6 Rg7 39. Nf5 Qxc2 40.
Nxg7 Qc1+ 41. Bf1 Bg5 42. Rf7 Kg8 43. Qf3 Bf4 44. Rd7 Qc6 45. Bh3 Qc1+ 46. Bf1
Qb2 47. Be2 Qc1+ 48. Kg2 Qc6 49. Rxc7 Qxc7 50. Ne6 Qc1 51. Nxf4 exf4 52. Bxb5
g5 53. Bc4+ Kg7 54. Bd5 Qd2+ 55. Kh3 Kf6 56. Bc4 Qe1 57. Qe2 Qh4+ 58. Kg2 g4
59. Qf2 Qh3+ 60. Kg1 Ke5 61. Bd5 Qc3 62. Qh4 Qc1+ 63. Kf2 Qe3+ 64. Kf1 Qf3+ 65.
Qf2 Qd3+ 66. Qe2 Qb1+ 67. Kf2 f3 68. Qd2 Qh1 69. Qc3+ 1-0

[Event "10. Lichtenberger Sommer"]
[Site "Berlin"]
[Date "2011.08.14"]
[Round "3.103"]
[White "Ollek, Karl-Heinz"]
[Black "Kühnert, Hanno"]
[Result "1-0"]
[WhiteElo "1803"]
[BlackElo "1313"]
[PlyCount "81"]
[EventDate "2011.??.??"]
[WhiteTeam "SC Friesen Lichtenberg e.V."]
[BlackTeam "SC Rotation Pankow e.V."]

1. c4 Nf6 2. Nf3 e6 3. Nc3 Nc6 4. e4 e5 5. d3 Bb4 6. a3 Bxc3+ 7. bxc3 O-O 8.
Qc2 d6 9. h3 Be6 10. d4 exd4 11. cxd4 Ne7 12. d5 Bd7 13. Bd3 Ng6 14. O-O Qc8
15. Nh2 Nh4 16. f3 h6 17. Qf2 Ng6 18. Ng4 Nxg4 19. fxg4 Ne5 20. Be2 f6 21. Bf4
Nf7 22. Rac1 c5 23. Qg3 Qc7 24. h4 g5 25. Bd2 Qd8 26. hxg5 fxg5 27. Bc3 Qe8 28.
Bd3 Ne5 29. Rxf8+ Qxf8 30. Bxe5 dxe5 31. Qxe5 Bxg4 32. Qg3 Bd7 33. e5 Rd8 34.
Rf1 Qg7 35. Rf6 Rf8 36. Rg6 Rf4 37. Rxg7+ Kxg7 38. e6 Be8 39. d6 Rd4 40. Qe5+
Kf8 41. Qh8# 1-0

[Event "10. Lichtenberger Sommer"]
[Site "Berlin"]
[Date "2011.08.14"]
[Round "3.104"]
[White "Hitzelberger, Michael"]
[Black "Jachym, Christoph"]
[Result "1-0"]
[WhiteElo "1284"]
[BlackElo "1585"]
[PlyCount "109"]
[EventDate "2011.??.??"]
[WhiteTeam "Sfrd. Berlin 1903 e.V."]
[BlackTeam "SC Zugzwang 95 e.V."]

1. e4 c5 2. Nf3 a6 3. d4 cxd4 4. Nxd4 e5 5. Nb3 Nf6 6. Bd3 Nc6 7. O-O Be7 8.
Nc3 O-O 9. Nd5 Nxd5 10. exd5 Nb4 11. Be4 f5 12. Bf3 e4 13. Be2 a5 14. a3 Na6
15. f3 Qb6+ 16. Kh1 e3 17. Qd4 Qxd4 18. Nxd4 f4 19. Bd3 Nc5 20. Bc4 d6 21. a4
Rf6 22. b3 Rh6 23. Ba3 b6 24. Ne2 Bf6 25. Rab1 Bf5 26. Nxf4 Be5 27. g3 Bxf4 28.
gxf4 Bxc2 29. Rbc1 Bf5 30. Rc3 Bh3 31. Re1 Rg6 32. Rcxe3 Bg2+ 33. Kg1 Bxf3+ 34.
Kf2 Bh5 35. Bxc5 bxc5 36. Re8+ Rxe8 37. Rxe8+ Kf7 38. Ra8 Rg4 39. Ke3 Rg2 40.
Rxa5 Rxh2 41. Ra7+ Kf6 42. Rd7 Rh3+ 43. Kf2 Rf3+ 44. Kg2 Rxf4 45. Rxd6+ Ke5 46.
Re6+ Kd4 47. d6 Rf8 48. d7 Rd8 49. Rd6+ Kc3 50. Rc6 Rxd7 51. Rxc5 Rd2+ 52. Kg3
g6 53. Rc7 Kb4 54. Rb7+ Ka5 55. Rb5+ 1-0

[Event "10. Lichtenberger Sommer"]
[Site "Berlin"]
[Date "2011.08.14"]
[Round "3.105"]
[White "Petersen, Marcel"]
[Black "Schmitt, Jens-Ole"]
[Result "0-1"]
[WhiteElo "1271"]
[BlackElo "1557"]
[PlyCount "88"]
[EventDate "2011.??.??"]
[WhiteTeam "SG Grün-Weiß Baumschulenweg e.V."]
[BlackTeam "SG Narva Berlin e.V."]

1. e4 c5 2. Nf3 e6 3. d4 cxd4 4. Nxd4 a6 5. c4 Nf6 6. Nc3 Qc7 7. f3 b6 8. Qa4
Bb7 9. Be3 Bc5 10. b4 Bd6 11. Rc1 Nc6 12. b5 Nxd4 13. Bxd4 Bxh2 14. Bxb6 Bg3+
15. Bf2 Qf4 16. Ne2 Bxf2+ 17. Kxf2 Nxe4+ 18. Kg1 Qe3+ 19. Kh2 Nf2 20. Rg1 Qh6+
21. Kg3 Nd3 22. c5 axb5 23. Qd4 Ra4 24. Qxa4 bxa4 25. Rc4 g5 26. Nc3 f5 27.
Bxd3 g4 28. f4 Bxg2 29. Rxg2 Qh3+ 30. Kf2 Qxd3 31. Rxa4 Qxc3 32. Ra8+ Ke7 33.
Rxh8 Qxh8 34. a4 Qd4+ 35. Kg3 Qxc5 36. Kh4 Kf6 37. a5 Qa3 38. Rg3 Qa1 39. Rg2
Qc3 40. Rh2 Qxa5 41. Rh1 Qd2 42. Kg3 Qe3+ 43. Kh4 Qxf4 44. Rh3 g3+ 0-1

[Event "10. Lichtenberger Sommer"]
[Site "Berlin"]
[Date "2011.08.14"]
[Round "3.106"]
[White "Reichert, Lutz"]
[Black "Güldenpfennig, Gavin"]
[Result "1-0"]
[WhiteElo "1757"]
[BlackElo "1203"]
[PlyCount "55"]
[EventDate "2011.??.??"]
[WhiteTeam "Schwarz-Weiß Neukölln e.V."]
[BlackTeam "BSC Rehberge 1945 e.V."]

1. g3 e5 2. c4 Nc6 3. Nc3 Bc5 4. Bg2 Nge7 5. e3 d6 6. Nge2 Be6 7. d4 exd4 8.
exd4 Bxc4 9. dxc5 dxc5 10. Bg5 f6 11. Be3 b6 12. Qxd8+ Rxd8 13. b3 Bf7 14. O-O
O-O 15. Rfd1 g5 16. Nb5 c4 17. bxc4 Bxc4 18. Nbd4 Rxd4 19. Nxd4 Nxd4 20. Rxd4
Bb5 21. Rad1 Kg7 22. Rd8 Rf7 23. Bf1 Ba4 24. Bc4 Bxd1 25. Bxf7 Bf3 26. Bb3 g4
27. Rd7 Kf8 28. Rxc7 1-0

[Event "10. Lichtenberger Sommer"]
[Site "Berlin"]
[Date "2011.08.14"]
[Round "3.107"]
[White "Heyne, Klaus"]
[Black "Voeller, Lothar"]
[Result "0-1"]
[WhiteElo "1477"]
[BlackElo "1662"]
[PlyCount "124"]
[EventDate "2011.??.??"]
[WhiteTeam "SV Berolina Mitte e.V."]
[BlackTeam "Freier Sportverein von 1898 Dort"]

1. d4 d5 2. Nf3 Nf6 3. g3 e6 4. Bg2 c5 5. c3 Nc6 6. O-O cxd4 7. cxd4 Be7 8. Nc3
O-O 9. a3 h6 10. e3 b6 11. b4 Bb7 12. Bb2 Rc8 13. Rc1 a6 14. Re1 b5 15. h3 Nd7
16. Bf1 Nb6 17. Be2 Nc4 18. Bxc4 dxc4 19. Ne5 Bf6 20. f4 Ne7 21. g4 Bh4 22. Rf1
Nd5 23. Nxd5 Qxd5 24. Qf3 Bf6 25. Qxd5 Bxd5 26. Nd7 Rfd8 27. Nxf6+ gxf6 28.
Rfe1 Be4 29. Kf2 Rd5 30. Kg3 Rcd8 31. Bc3 Kh7 32. Bb2 Rg8 33. Rg1 e5 34. dxe5
Rd2 35. Bc3 Rd3 36. Kf2 fxe5 37. f5 f6 38. Rgd1 Rgd8 39. Rxd3 Rxd3 40. h4 h5
41. g5 fxg5 42. hxg5 Bxf5 43. Bxe5 Kg6 44. Rc3 Kxg5 45. Bf4+ Kg4 46. Rxd3 Bxd3
47. Ke1 Kf3 48. Kd2 h4 49. Bg5 h3 50. Bf4 Kg2 51. Kc3 h2 52. Bxh2 Kxh2 53. Kd4
Kg2 54. e4 Kf3 55. e5 Bg6 56. e6 Be8 57. e7 Kf4 58. Kc3 Ke5 59. a4 Ke6 60. a5
Kxe7 61. Kd4 Kd6 62. Kc3 Kd5 0-1

[Event "10. Lichtenberger Sommer"]
[Site "Berlin"]
[Date "2011.08.14"]
[Round "3.108"]
[White "Huelse, Hagen"]
[Black "Schröder, Gert"]
[Result "1-0"]
[WhiteElo "1702"]
[BlackElo "1386"]
[PlyCount "87"]
[EventDate "2011.??.??"]
[WhiteTeam "Forster Schachclub 95"]
[BlackTeam "SV Königsjäger Süd-West e.V."]

1. d4 Nf6 2. Bf4 d5 3. e3 Bf5 4. Bd3 Bxd3 5. Qxd3 Nc6 6. Nd2 e6 7. c3 Nh5 8.
Bg3 Nxg3 9. hxg3 h6 10. f4 Bd6 11. Ngf3 Qe7 12. Ne5 Bxe5 13. fxe5 O-O-O 14. Nf3
g5 15. O-O-O g4 16. Nd2 h5 17. Rdf1 Qf8 18. e4 Kb8 19. exd5 Rxd5 20. Rf6 Nxe5
21. Qe3 Nd7 22. Rf2 Ra5 23. Rhf1 Rh7 24. Qe4 Qg8 25. a3 Ra6 26. Kc2 Rg7 27. Kc1
f5 28. Qe2 Rf7 29. Nc4 Qf8 30. b4 b5 31. Ne5 Nxe5 32. Qxb5+ Rb6 33. Qxe5 Rc6
34. Kb2 Qe8 35. Rxf5 Rxf5 36. Rxf5 Rb6 37. Rxh5 Qf7 38. Rh8+ Kb7 39. Qe4+ c6
40. Rh7 Qxh7 41. Qxh7+ Ka6 42. Qg6 Kb5 43. Kb3 a5 44. Qd3# 1-0

[Event "10. Lichtenberger Sommer"]
[Site "Berlin"]
[Date "2011.08.14"]
[Round "3.109"]
[White "Pilgrim, Wilfried"]
[Black "Kornijenko, Alexander"]
[Result "0-1"]
[WhiteElo "1463"]
[BlackElo "1648"]
[PlyCount "42"]
[EventDate "2011.??.??"]
[WhiteTeam "SC Kreuzberg e.V."]
[BlackTeam "vereinslos"]

1. Nf3 Nf6 2. c4 g6 3. Nc3 d5 4. cxd5 Nxd5 5. Qb3 c6 6. e4 Nxc3 7. Qxc3 Rg8 8.
d4 Bg4 9. Bc4 e6 10. Ne5 Qb6 11. Nxg4 Bb4 12. Nf6+ Kf8 13. O-O Bxc3 14. bxc3
Rh8 15. Ba3+ Kg7 16. Be7 Qc7 17. Ba3 Kxf6 18. e5+ Kg7 19. Rfb1 Nd7 20. Bd6 Qc8
21. Rb2 b5 0-1

[Event "10. Lichtenberger Sommer"]
[Site "Berlin"]
[Date "2011.08.14"]
[Round "3.110"]
[White "Lippianowski, Stefan"]
[Black "Schubert, Joachim"]
[Result "0-1"]
[WhiteElo "1261"]
[BlackElo "1826"]
[PlyCount "78"]
[EventDate "2011.??.??"]
[WhiteTeam "Treptower SV 1949 e.V."]
[BlackTeam "SC Friesen Lichtenberg e.V."]

1. e4 c5 2. Bc4 e6 3. Nc3 Nc6 4. Nf3 d6 5. d4 cxd4 6. Nxd4 a6 7. Be3 Nf6 8.
Nxc6 bxc6 9. e5 Nd5 10. Bd4 Qg5 11. Qf3 Rb8 12. Ne4 Qd8 13. exd6 f5 14. Qh5+ g6
15. Nf6+ Nxf6 16. Qg5 Bg7 17. Be5 Rb4 18. b3 Bd7 19. c3 Rb8 20. O-O O-O 21.
Bxa6 Qa5 22. Bd3 Qxe5 23. Rad1 Qxc3 24. h4 Rb4 25. Be2 Rd4 26. Rc1 Qd2 27. Qxd2
Rxd2 28. Bf3 Rxd6 29. a4 Rb8 30. Rb1 Rb4 31. Rfc1 Ne4 32. Bxe4 fxe4 33. Rc5 Rd2
34. Ra5 Bd4 35. Ra8+ Kf7 36. Kh2 Bxf2 37. Rh8 Kg7 38. Rd8 Bxh4 39. Ra8 Bf6 0-1

[Event "10. Lichtenberger Sommer"]
[Site "Berlin"]
[Date "2011.08.14"]
[Round "3.111"]
[White "Sandbrand, Alexandru"]
[Black "Llacer Bosbach, Ana"]
[Result "0-1"]
[WhiteElo "1360"]
[BlackElo "1526"]
[PlyCount "68"]
[EventDate "2011.??.??"]
[WhiteTeam "SK Tempelhof 1931 e.V."]
[BlackTeam "CIM Benimaclet Valencia"]

1. e4 e5 2. Nf3 Nc6 3. Bc4 Be7 4. c3 Nf6 5. Qe2 O-O 6. d4 exd4 7. cxd4 d5 8.
exd5 Nxd5 9. Nc3 Bb4 10. Bd2 Nxc3 11. Bxc3 Re8 12. Ne5 Bxc3+ 13. bxc3 Nxe5 14.
dxe5 c6 15. O-O Be6 16. Rad1 Qa5 17. Bxe6 Rxe6 18. f4 Qxc3 19. Rd3 Qc5+ 20. Kh1
Rae8 21. Rfd1 f6 22. h4 fxe5 23. f5 Rf6 24. g4 e4 25. Rd8 Rff8 26. R8d7 b5 27.
Qb2 Qe5 28. Qb3+ Kh8 29. Rxa7 Qf6 30. Qg3 e3 31. g5 Qxf5 32. Qg1 Qh3+ 33. Qh2
Qxh2+ 34. Kxh2 e2 0-1

[Event "10. Lichtenberger Sommer"]
[Site "Berlin"]
[Date "2011.08.14"]
[Round "3.112"]
[White "Mahler, Sonja"]
[Black "Herzsprung, Johanna"]
[Result "1-0"]
[WhiteElo "1656"]
[BlackElo "1148"]
[PlyCount "85"]
[EventDate "2011.??.??"]
[WhiteTeam "SC Kreuzberg e.V."]
[BlackTeam "BSC Rehberge 1945 e.V."]

1. d4 d5 2. Bf4 Nc6 3. e3 Nf6 4. c4 e6 5. a3 Bd6 6. Bg5 h6 7. Bh4 g5 8. Bg3
Bxg3 9. hxg3 Bd7 10. c5 b6 11. Be2 bxc5 12. dxc5 a5 13. Nf3 Ne4 14. Qc2 Qe7 15.
Nc3 Nxc5 16. Nb5 Kd8 17. Rd1 f6 18. b3 Na7 19. Nc3 Rb8 20. Rb1 Nb5 21. Bxb5
Bxb5 22. Nxb5 Rxb5 23. Nd4 Rb6 24. b4 axb4 25. axb4 Ne4 26. Nc6+ Rxc6 27. Qxc6
Qd7 28. Qc1 Ke7 29. Ra1 Kf7 30. Ra7 Kg6 31. Qc2 f5 32. Rxc7 Qb5 33. Qb2 Rg8 34.
Re7 Nc5 35. Qb1 Qb6 36. g4 Rb8 37. O-O Qxb4 38. Qa1 Qb2 39. Qa7 Rc8 40. Ra1 Kf6
41. Rf7+ Ke5 42. Rxf5+ exf5 43. Qg7+ 1-0

[Event "10. Lichtenberger Sommer"]
[Site "Berlin"]
[Date "2011.08.16"]
[Round "4.1"]
[White "Franco Alonso, Alejandro"]
[Black "Sevian, Armen"]
[Result "1-0"]
[WhiteElo "2452"]
[BlackElo "2208"]
[PlyCount "47"]
[EventDate "2011.??.??"]
[WhiteTeam "Gros Xake Taldea"]
[BlackTeam "vereinslos"]

1. Nf3 Nf6 2. c4 b6 3. g3 Bb7 4. Bg2 e6 5. O-O Be7 6. Nc3 O-O 7. Re1 d5 8. cxd5
exd5 9. d4 Nbd7 10. Bf4 Ne4 11. Qc2 Nxc3 12. bxc3 Bd6 13. c4 Bxf4 14. gxf4 dxc4
15. Ng5 Nf6 16. Bxb7 Rb8 17. Be4 Qxd4 18. Rad1 Qc5 19. Bxh7+ Kh8 20. Qc3 Ng4
21. Qf3 Nh6 22. Bc2 Rbd8 23. Qe4 f5 24. Qe5 1-0

[Event "10. Lichtenberger Sommer"]
[Site "Berlin"]
[Date "2011.08.16"]
[Round "4.2"]
[White "Von Herman, Ulf"]
[Black "Foerster, Jonas"]
[Result "1/2-1/2"]
[WhiteElo "2421"]
[BlackElo "2230"]
[PlyCount "55"]
[EventDate "2011.??.??"]
[WhiteTeam "SK König Tegel 1949 e.V."]
[BlackTeam "SSC Rostock 07"]

1. Nf3 g6 2. c4 Bg7 3. Nc3 d6 4. d4 Bg4 5. g3 Bxf3 6. exf3 Nd7 7. f4 Ngf6 8.
Bd3 e6 9. d5 exd5 10. cxd5 O-O 11. O-O Nc5 12. Bc2 Re8 13. Qf3 Nfd7 14. b4 Na6
15. Rb1 f5 16. Nb5 Nb6 17. a4 Qd7 18. Nc3 c5 19. dxc6 Qxc6 20. Bb3+ Kh8 21. Nd5
Nxb4 22. Bd2 N6xd5 23. Rfc1 Nc3 24. Rxc3 Qxf3 25. Rxf3 a5 26. Bd1 Bd4 27. Kg2
b6 28. Bxb4 1/2-1/2

[Event "10. Lichtenberger Sommer"]
[Site "Berlin"]
[Date "2011.08.16"]
[Round "4.3"]
[White "Weber, Dirk"]
[Black "Kalinitschew, Sergey"]
[Result "0-1"]
[WhiteElo "2271"]
[BlackElo "2431"]
[PlyCount "108"]
[EventDate "2011.??.??"]
[WhiteTeam "SV Königsspringer Braunschweig"]
[BlackTeam "SC Kreuzberg e.V."]

1. e4 c6 2. d4 d5 3. exd5 cxd5 4. Bd3 Nc6 5. c3 Qc7 6. Ne2 Bg4 7. Bf4 Qd7 8.
Nd2 Nf6 9. b4 e6 10. Nb3 b6 11. f3 Bh5 12. O-O Bd6 13. Qd2 Bg6 14. Bxd6 Qxd6
15. Nf4 Rc8 16. Rfe1 O-O 17. a4 Rc7 18. Nxg6 hxg6 19. a5 Nb8 20. axb6 axb6 21.
Nc1 Qc6 22. Ne2 Ne8 23. Ra2 Nd6 24. Rea1 Rfc8 25. Qf4 Nc4 26. Ra7 Nd6 27. Kf2
Qd7 28. Ra8 Qe7 29. h4 Nc6 30. R8a6 Rb8 31. b5 Nd8 32. Rh1 Ne8 33. g4 Qd6 34.
Qe3 Re7 35. h5 e5 36. hxg6 fxg6 37. Qg5 Kf7 38. dxe5 Rxe5 39. Bxg6+ Kg8 40.
Bh7+ Kf8 41. Bf5 Nf7 42. Qg6 Qc5+ 43. Nd4 Rb7 44. Ra8 Qxc3 45. Ne6+ Ke7 46. Nf4
Qd4+ 47. Kg3 Rc7 48. Ne6 Qc3 49. Nxc7 Nxc7 50. Ra7 Re3 51. Kh4 Kf8 52. Qc6 g5+
53. Kh5 Qh8+ 54. Kg6 Qxh1 0-1

[Event "10. Lichtenberger Sommer"]
[Site "Berlin"]
[Date "2011.08.16"]
[Round "4.5"]
[White "Muse, Drazen"]
[Black "Schulz, Michael"]
[Result "1/2-1/2"]
[WhiteElo "2381"]
[BlackElo "2233"]
[PlyCount "39"]
[EventDate "2011.??.??"]
[WhiteTeam "SK König Tegel 1949 e.V."]
[BlackTeam "SC Empor Potsdam 1952 e.V."]

1. d4 Nf6 2. Nf3 c5 3. d5 e6 4. c4 exd5 5. cxd5 d6 6. Nc3 g6 7. Nd2 Nbd7 8. a4
a6 9. Nc4 Nb6 10. Na3 Bd7 11. a5 Nc8 12. Nc4 Bb5 13. e4 Bg7 14. Qb3 O-O 15. Bd3
Bxc4 16. Bxc4 Nxe4 17. Nxe4 Re8 18. f3 f5 19. O-O fxe4 20. fxe4 1/2-1/2

[Event "10. Lichtenberger Sommer"]
[Site "Berlin"]
[Date "2011.08.16"]
[Round "4.8"]
[White "Heuser, Philip"]
[Black "Meissner, Felix"]
[Result "1/2-1/2"]
[WhiteElo "2146"]
[BlackElo "2268"]
[PlyCount "58"]
[EventDate "2011.??.??"]
[WhiteTeam "SG Heidelberg-Kirchheim"]
[BlackTeam "Hamburger SK von 1830 eV"]

1. d4 Nf6 2. c4 g6 3. Nf3 Bg7 4. g3 O-O 5. Bg2 d5 6. cxd5 Nxd5 7. Nc3 Nb6 8.
Bf4 Nc6 9. e3 h6 10. h4 Bg4 11. O-O Nb4 12. Qb3 Nd3 13. Ne2 Nxf4 14. Nxf4 Bc8
15. Rfd1 e6 16. Rac1 Nd5 17. Nd3 c6 18. Nfe5 Qb6 19. Qc2 Nb4 20. Nxb4 Qxb4 21.
Nd3 Qe7 22. Qc5 Re8 23. Ne5 Qxc5 24. Rxc5 Rd8 25. Rdc1 Bf8 26. R5c2 Kg7 27. f4
Be7 28. Be4 Bd7 29. Nxd7 Rxd7 1/2-1/2

[Event "10. Lichtenberger Sommer"]
[Site "Berlin"]
[Date "2011.08.16"]
[Round "4.9"]
[White "Reichenbach, Werner"]
[Black "Noetzel, Felix"]
[Result "1-0"]
[WhiteElo "2313"]
[BlackElo "2090"]
[PlyCount "67"]
[EventDate "2011.??.??"]
[WhiteTeam "Schachclub Oberkrämer"]
[BlackTeam "SC Borussia Friedrichsfelde 1920"]

1. e4 d5 2. exd5 Qxd5 3. Nc3 Qa5 4. d4 c6 5. Nf3 Nf6 6. Ne5 Be6 7. Nc4 Qc7 8.
Qf3 Bg4 9. Qd3 Nbd7 10. Bg5 O-O-O 11. f3 Bh5 12. O-O-O h6 13. Be3 e6 14. Bf2
Qf4+ 15. Kb1 Bg6 16. Qe2 Nd5 17. Ne4 N7f6 18. Bg3 Qf5 19. Ncd6+ Bxd6 20. Nxd6+
Rxd6 21. Bxd6 Ne3 22. Rd2 Nfd5 23. Qf2 Qg5 24. Bd3 Bxd3 25. cxd3 Qd8 26. Bc5
Qa5 27. Re2 Nf5 28. g4 Nfe7 29. h4 Ng6 30. Rc2 Qb5 31. Qd2 Ngf4 32. Rc4 a5 33.
Bd6 Rd8 34. Bxf4 1-0

[Event "10. Lichtenberger Sommer"]
[Site "Berlin"]
[Date "2011.08.16"]
[Round "4.11"]
[White "Klundt, Klaus"]
[Black "Lerch, Philipp"]
[Result "1-0"]
[WhiteElo "2377"]
[BlackElo "2078"]
[PlyCount "63"]
[EventDate "2011.??.??"]
[WhiteTeam "SC Heusenstamm"]
[BlackTeam "SK König Tegel 1949 e.V."]

1. e4 c5 2. Nf3 Nc6 3. d4 cxd4 4. Nxd4 Nf6 5. Nc3 e5 6. Ndb5 d6 7. Bg5 a6 8.
Na3 b5 9. Nd5 Be7 10. Bxf6 Bxf6 11. c4 b4 12. Nc2 O-O 13. g3 a5 14. Be2 Bg5 15.
Bg4 Be6 16. O-O Bxd5 17. cxd5 Nb8 18. Qe2 Qb6 19. Kg2 Na6 20. f4 exf4 21. gxf4
Bf6 22. Ne3 Rfe8 23. Nc4 Qc7 24. e5 dxe5 25. fxe5 Rxe5 26. Nxe5 Bxe5 27. Rac1
Qe7 28. Rc6 Qh4 29. Qxe5 Qxg4+ 30. Kh1 Qd7 31. Rxa6 Re8 32. Qf4 1-0

[Event "10. Lichtenberger Sommer"]
[Site "Berlin"]
[Date "2011.08.16"]
[Round "4.12"]
[White "Amelang, Thomas"]
[Black "Rietze, Clemens"]
[Result "0-1"]
[WhiteElo "2152"]
[BlackElo "2310"]
[PlyCount "72"]
[EventDate "2011.??.??"]
[WhiteTeam "SK Siemens München"]
[BlackTeam "USV Potsdam e.V., Abt. Schach"]

1. e4 Nf6 2. e5 Nd5 3. Nf3 d6 4. exd6 cxd6 5. d4 g6 6. Bc4 Nb6 7. Bb3 Bg7 8. c3
O-O 9. O-O Nc6 10. Na3 Na5 11. Re1 Nxb3 12. axb3 e6 13. c4 Bd7 14. Bd2 Bc6 15.
Bc3 Re8 16. Nc2 d5 17. c5 Nd7 18. b4 f6 19. Qd2 Qc7 20. Ne3 a6 21. Ng4 Re7 22.
h3 Rae8 23. Ngh2 e5 24. Nf1 Nf8 25. Ne3 e4 26. Nh2 f5 27. Nef1 Ne6 28. g3 f4
29. Ng4 h5 30. Ne5 Bxe5 31. dxe5 d4 32. gxf4 dxc3 33. Qxc3 Nxf4 34. Kh2 Qxe5
35. Qxe5 Rxe5 36. Ne3 Nd3 0-1

[Event "10. Lichtenberger Sommer"]
[Site "Berlin"]
[Date "2011.08.16"]
[Round "4.14"]
[White "Cusnariov, Nikolai"]
[Black "Kohler, Thomas"]
[Result "1/2-1/2"]
[WhiteElo "2143"]
[BlackElo "2255"]
[PlyCount "35"]
[EventDate "2011.??.??"]
[WhiteTeam "USV Potsdam e.V., Abt. Schach"]
[BlackTeam "SC Zitadelle Spandau 1977 e.V."]

1. b3 d6 2. Bb2 Nd7 3. g3 Ngf6 4. Bg2 e5 5. c4 g6 6. Nf3 Bg7 7. O-O O-O 8. d3
Re8 9. e4 c6 10. Nc3 a5 11. Re1 Nc5 12. Qc2 Qb6 13. h3 Nfd7 14. Bc1 Ne6 15. Be3
Ndc5 16. Na4 Qc7 17. Nxc5 dxc5 18. Ng5 1/2-1/2

[Event "10. Lichtenberger Sommer"]
[Site "Berlin"]
[Date "2011.08.16"]
[Round "4.15"]
[White "Niehaus, Frank"]
[Black "Sabrowski, Uwe"]
[Result "1/2-1/2"]
[WhiteElo "2190"]
[BlackElo "2099"]
[PlyCount "81"]
[EventDate "2011.??.??"]
[WhiteTeam "SK König Tegel 1949 e.V."]
[BlackTeam "SC Friesen Lichtenberg e.V."]

1. e4 c5 2. Nf3 Nc6 3. d4 cxd4 4. Nxd4 Nf6 5. Nc3 e5 6. Ndb5 d6 7. Bg5 a6 8.
Na3 b5 9. Nd5 Be7 10. Bxf6 Bxf6 11. c4 b4 12. Nc2 a5 13. g3 Bg5 14. Bg2 O-O 15.
O-O Be6 16. Qd3 Ne7 17. f4 Bxd5 18. cxd5 exf4 19. gxf4 Bf6 20. Rab1 Rc8 21. Kh1
Qb6 22. Rfd1 Qf2 23. Ne3 Qxf4 24. Rf1 Qh4 25. Rf3 Be5 26. Bh3 Rc5 27. Rbf1 a4
28. Ng2 Qh6 29. Nf4 a3 30. Ne6 Rc1 31. bxa3 Rxf1+ 32. Qxf1 Rc8 33. Rxf7 Bf6 34.
Rxe7 Bxe7 35. Ng5 Bxg5 36. Bxc8 Bf4 37. h3 Qh4 38. axb4 Qg3 39. Be6+ Kf8 40.
Qe2 Be3 41. Qf1+ 1/2-1/2

[Event "10. Lichtenberger Sommer"]
[Site "Berlin"]
[Date "2011.08.16"]
[Round "4.16"]
[White "Krefenstein, Sergej"]
[Black "Hein, Carsten"]
[Result "1/2-1/2"]
[WhiteElo "2031"]
[BlackElo "2182"]
[PlyCount "83"]
[EventDate "2011.??.??"]
[WhiteTeam "TuS Makkabi Berlin e.V."]
[BlackTeam "Potsdamer SV Mitte e.V."]

1. e4 c5 2. Nf3 d6 3. Nc3 Nf6 4. d4 cxd4 5. Nxd4 a6 6. Be3 Ng4 7. Bg5 h6 8. Bh4
g5 9. Bg3 Bg7 10. h3 Nf6 11. Be2 Qb6 12. Nb3 Bd7 13. O-O Bc6 14. Bd3 Nbd7 15.
Kh1 e5 16. a4 h5 17. a5 Qc7 18. h4 Ng4 19. Nd5 Qd8 20. hxg5 Bxd5 21. exd5 Qxg5
22. Qd2 Qxd2 23. Nxd2 h4 24. Bh2 Bh6 25. Nc4 Ke7 26. Bg1 h3 27. f3 hxg2+ 28.
Kxg2 Ngf6 29. Be4 Rac8 30. b3 Bf4 31. Ra4 Nc5 32. Rb4 Ncxe4 33. fxe4 Rhg8+ 34.
Kf3 Rg3+ 35. Ke2 Nxe4 36. Rxb7+ Kf8 37. Bf2 Rc3 38. Kd1 Rf3 39. Ke2 Rc3 40. Kd1
Rf3 41. Ke2 Rc3 42. Kd1 1/2-1/2

[Event "10. Lichtenberger Sommer"]
[Site "Berlin"]
[Date "2011.08.16"]
[Round "4.17"]
[White "Kabitzke, Julian"]
[Black "Schreyer, Oliver"]
[Result "0-1"]
[WhiteElo "1852"]
[BlackElo "2130"]
[PlyCount "140"]
[EventDate "2011.??.??"]
[WhiteTeam "USG Chemnitz"]
[BlackTeam "Schachverein 1949 Herzogenrath"]

1. e4 d5 2. exd5 Qxd5 3. Nc3 Qa5 4. d4 Nf6 5. Bc4 Bg4 6. Nf3 Nc6 7. Bd2 Qh5 8.
Bb5 O-O-O 9. Bxc6 bxc6 10. Qe2 Bxf3 11. gxf3 Kb8 12. O-O-O e6 13. Qa6 Rxd4 14.
Be3 Rxd1+ 15. Rxd1 Bc5 16. Qxc6 Bb6 17. Nb5 Qe5 18. Bxb6 axb6 19. Qc4 Nd5 20.
Nd4 Qf4+ 21. Kb1 c5 22. Nc6+ Kc7 23. Qxf4+ Nxf4 24. Ne5 f6 25. Nc4 Ra8 26. Nd6
Kc6 27. Ne4 Ra7 28. Rd6+ Kc7 29. Rd2 Ra8 30. c4 Rd8 31. Kc2 Rxd2+ 32. Kxd2 h6
33. Nc3 Ng6 34. Nb5+ Kd7 35. b3 Ne5 36. Ke3 Nc6 37. f4 Nb4 38. a3 Nc6 39. Kd3
h5 40. f3 Ke7 41. Kc3 Kd7 42. Kd3 Ne7 43. Ke4 Nf5 44. b4 Nh4 45. bxc5 bxc5 46.
a4 f5+ 47. Kd3 Ng2 48. a5 Nxf4+ 49. Ke3 g5 50. a6 Kc6 51. Nd6 Kb6 52. Nf7 Nh3
53. Nd8 f4+ 54. Ke2 Kxa6 55. Nxe6 Kb6 56. Ng7 Ka5 57. Nxh5 Kb4 58. Kd3 Ng1 59.
h4 gxh4 60. Nxf4 Nxf3 61. Nd5+ Kb3 62. Ke3 Kxc4 63. Nb6+ Kb5 64. Nc8 Ng5 65.
Nd6+ Kb4 66. Kf4 h3 67. Nf5 h2 68. Ng3 c4 69. Ke3 Kb3 70. Kf2 Ne4+ 0-1

[Event "10. Lichtenberger Sommer"]
[Site "Berlin"]
[Date "2011.08.16"]
[Round "4.18"]
[White "Rosebrock, Timotej Alexander"]
[Black "Lagunow, Alexander"]
[Result "0-1"]
[WhiteElo "1934"]
[BlackElo "2434"]
[PlyCount "68"]
[EventDate "2011.??.??"]
[WhiteTeam "Basel SG"]
[BlackTeam "TuS Makkabi Berlin e.V."]

1. e4 c5 2. Nc3 g6 3. g3 Bg7 4. Bg2 Nc6 5. d3 d6 6. f4 e6 7. Nf3 Nge7 8. O-O
O-O 9. Be3 Rb8 10. Qd2 Nd4 11. Rae1 Bd7 12. e5 Nef5 13. Bf2 Nxf3+ 14. Bxf3 b6
15. g4 Nd4 16. Bg2 Bc6 17. Bg3 Bxg2 18. Qxg2 d5 19. Qf2 f5 20. Bh4 Qd7 21. h3
Rf7 22. Nd1 Qa4 23. c3 Nc6 24. gxf5 Rxf5 25. Ne3 Rh5 26. Ng4 Qxa2 27. Bf6 Qa6
28. Re3 d4 29. Rg3 Qb7 30. Kh2 dxc3 31. bxc3 Ne7 32. Bxe7 Qxe7 33. Rfg1 Rf8 34.
Ne3 Bxe5 0-1

[Event "10. Lichtenberger Sommer"]
[Site "Berlin"]
[Date "2011.08.16"]
[Round "4.19"]
[White "Kapp, Martin"]
[Black "Dreke, Frank"]
[Result "1-0"]
[WhiteElo "2209"]
[BlackElo "2030"]
[PlyCount "41"]
[EventDate "2011.??.??"]
[WhiteTeam "TSV IFA Chemnitz"]
[BlackTeam "Treptower SV 1949 e.V."]

1. d4 Nf6 2. c4 e5 3. dxe5 Ng4 4. e4 h5 5. Be2 Nc6 6. h3 Ngxe5 7. a3 Bc5 8. Nf3
Qf6 9. Nc3 O-O 10. Nd5 Qg6 11. Ng5 Nd4 12. f4 Nxe2 13. Qxe2 f6 14. Be3 fxg5 15.
Bxc5 Re8 16. fxe5 d6 17. Bd4 Bd7 18. Nxc7 Rac8 19. Nxe8 Rxe8 20. O-O-O Bc6 21.
Rhe1 1-0